01044naa#a2200193#i#4500001001600000005001700016011001400033100004100047102000700088200028400095210011800379215001100497608004500508675010400553700005600657700006400713700005200777856002100829RU\\bibl\12083020260512183840.2##a2223-4608##a20260430b2026####ek#y0rusy0150####ca##aRU1#aВлияние межэлектродной среды и энергетических параметров на формируемое покрытие при механизированной электроискровой обработкеeЖурнальная статья1#aБрянскcБрянский государственный технический университетd2026##a11 с.##aЖурнальная статья2local##aЭлектроэрозионная (электроискровая) обработка. 621.9.048.4#1aЖулдыбинgАндрей Аркадьевич#1aВладимировgАлександр Андреевич#1aШаповаловgАнтон Иванович4#abstu.editorum.ru